Arbaʿīn al-ʿAlāʾī fi kalām al-ʿalī /
In the history of Islamic literature, the 'Forty Traditions' genre goes back as far as the 3th/9th century at least and exists in all of Islam's major and minor languages. It finds its origin in the tradition saying that whoever commits forty traditions to memory will be reckoned amon...
المؤلف الرئيسي:
مؤلفون آخرون:
التنسيق: كتاب الكتروني
اللغة:
English
Persian
Arabic
منشور في:
Leiden; Boston :
BRILL,
[2019]
سلاسل:
Miras Maktoob, ISBN: 9789004365452.
الموضوعات:
الوصول للمادة أونلاين: Login to view Source
الوسوم: إضافة وسم
رقم الطلب: BP193.1.A2
| LEADER | 02991nam a22005051i 4500 | ||
|---|---|---|---|
| 001 | BRILL9789004408135 | ||
| 003 | nllekb | ||
| 005 | 20211118221618.0 | ||
| 006 | m d | ||
| 007 | cr un uuuua | ||
| 008 | 200305t20192017ne sb 001 0 eng d | ||
| 020 | |a 9789004408135 |q (electronic book) | ||
| 020 | |a 9786002031341 |q (print) | ||
| 024 | 7 | |a 10.1163/9789004408135 |2 DOI | |
| 035 | |z (OCoLC)1013471856 | ||
| 040 | |a NL-LeKB |c NL-LeKB |e rda | ||
| 041 | 0 | |a per |a ara |b eng | |
| 050 | 4 | |a BP193.1.A2 | |
| 072 | 7 | |a HBJF1 |2 bicssc | |
| 072 | 7 | |a HIS |x 003000 |2 bisacsh | |
| 072 | 7 | |a HIS |x 026000 |2 bisacsh | |
| 082 | 0 | 4 | |a 297.6/48 |2 23 |
| 100 | 1 | |a Āybayk, Yūsuf b., |e author. | |
| 245 | 1 | 0 | |6 880-01 |a Arbaʿīn al-ʿAlāʾī fi kalām al-ʿalī / |c by Yūsuf b. Āybayk ; (Edited by) Iḥsān Pūrābrīsham. |
| 880 | 1 | 0 | |6 245-01/(3/r |a اربَعینُ العَلائی فی کَلامِ العَلِی / |c by یوسف بن آیبیک ; (Edited by) مقدمه، تصحیح و تعلیقات: احسان پورابریشم. |
| 264 | 1 | |a Leiden; |a Boston : |b BRILL, |c [2019] | |
| 264 | 4 | |c ©2017 | |
| 300 | |a 1 online resource. | ||
| 336 | |a text |b txt |2 rdacontent | ||
| 337 | |a computer |b c |2 rdamedia | ||
| 338 | |a online resource |2 rdacarrier | ||
| 490 | 1 | |a Miras Maktoob, ISBN: 9789004365452 | |
| 520 | |a In the history of Islamic literature, the 'Forty Traditions' genre goes back as far as the 3th/9th century at least and exists in all of Islam's major and minor languages. It finds its origin in the tradition saying that whoever commits forty traditions to memory will be reckoned among the jurists on Resurrection Day. Collections vary, from a simple listing of the basic teachings of Islam to more dedicated works around some specific theme, in either case with or without a commentary. There are also collections of sayings of the Prophet's son-in-law ʿAlī b. Abī Ṭālib (d. 40/661), from among which al-Sharīf al-Raḍī's (d. 406/1088) Nahj al-Balāgha is the most famous. The work by Yūsuf b. Āybayk published here is a Persian text in the arbaʿūn tradition but based on the Nahj al-balāgha . Dedicated to the Qaramānid ruler of Anatolia ʿAlāʾ al-Dīn Beg (d. 800/1397-8), it deals mostly with ethics explained from a mystical perspective. | ||
| 546 | |a Persian and Arabic. | ||
| 588 | |a Description based on print version record. | ||
| 650 | 0 | |a Hadith (Shiites) |x Commentaries. | |
| 700 | 1 | |6 880-02 |a Pūrābrīsham, Iḥsān, |e editor. | |
| 880 | 1 | |6 700-02/(3/r |a پورابریشم ، احسان, |e editor. | |
| 776 | 0 | 8 | |i Print version: |t Arbaʿīn al-ʿAlāʾī fi kalām al-ʿalī. |d Leiden ; Boston : BRILL, 2019 |z 9786002031341 |
| 830 | 0 | |a Miras Maktoob, ISBN: 9789004365452. | |
| 856 | 4 | |z DOI: |u http://dx.doi.org/10.1163/9789004408135 | |
| 880 | 0 | |6 700-03/(3/r |a یوسف بن آیبیک. | |
| 942 | |2 lcc |c EBOOK | ||
| 952 | |0 0 |1 0 |2 lcc |4 0 |7 1 |9 22468 |a BRILL |b BRILL |d 2021-11-18 |l 0 |r 2021-11-18 00:00:00 |w 2021-11-18 |y EBOOK | ||
| 999 | |c 39942 |d 39942 | ||
